000 01992 a2200313 4500
001 19474
005 20260407155500.0
008 260407a2011 arg spa d
003 AR-UNSa-BCEJYS
040 _aAR-UNSa-BCEJYS
_bspa
_cAR-UNSa-BCEJYS
080 _a331.101.264
_xSectores trabajadores y no trabajadores de la población (clase obrera...)
245 1 0 _aLa clase obrera y el centenario
_p1910, trabajos de investigación
020 _a978-987-26577-3-4
264 1 _aBuenos Aires :
_bCTA Ediciones
_c2011
300 _a308 p.
_c22 cm.
505 _a1. Movimiento obrero y anarquismo en Argentina de principios del siglo XX. Perspectivas y discusiones sobre la organización, los métodos de lucha, la violencia, el reformismo y la revolución - 2. Los centros obreros como ámbito de cultura, protesta y política - 3. La difusa clase obrera en 1910: el "cuarto sector" - 4. La clase obrera al sur del centenario. Las luchas de los obreros en el territorio nacional de Santa Cruz en la década de 1910 - 5. El control obrero 1908. El comité pro-reglamentación de la ley de trabajo de mujeres y menores (5291) - 6. La clase obrera marplatense y su situación hacia el centenario - 7. Organizaciones obreras en Mendoza: desde las disputas sobre el concepto de trabajo (1873) al estado de sitio durante el centenario (1910) y la primera federación obrera local (1920)- 8. La situación laboral de las mujeres en Morón y La Matanza hacia la época del centenario
942 _cBK
590 _aniveau_biblio:m niveau_hierar:0
100 1 _aContreras, Gustavo Nicolás
700 1 _aTeitelbaum, Vanesa
700 1 _aOrsatti, Alvaro
700 1 _aAuzoberría, Miguel
700 1 _aKandel, Ester
700 1 _aGonzález, Lucas
700 1 _aSpadari, Oscar
700 1 _aSatlari, María Cristina
700 1 _aVisconti, Claudia
856 4 1 _uhttps://biblioeco.unsa.edu.ar/pmb/images/libros/La Clase Obrera y el Centenario 1910-l118576.jpg
_yImagen de portada
_qimage/jpeg
999 _c739
_d739